Top 100 Jacksonville Jaguars of All Time - Statistics

General Stats
  • This quiz has been taken 59 times
  • The average score is 23 of 100
Answer Stats
Position Player % Correct
RB Maurice Jones-Drew
82%
RB Fred Taylor
78%
WR Jimmy Smith
78%
QB Mark Brunell
76%
QB Trevor Lawrence
76%
LB Daryl Smith
73%
CB Jalen Ramsey
73%
LB Telvin Smith
73%
T Tony Boselli
69%
QB Blake Bortles
67%
WR Allen Robinson
61%
OL Cam Robinson
59%
RB Denard Robinson
57%
LB Eddie Robinson
57%
DE Calais Campbell
55%
LB Myles Jack
53%
WR Keenan McCardell
51%
QB David Garrard
47%
RB Leonard Fournette
43%
TE Marcedes Lewis
43%
QB Byron Leftwich
41%
QB Gardner Minshew
39%
QB Blaine Gabbert
37%
K Josh Scobee
37%
WR D.J. Chark
35%
DT John Henderson
35%
CB A.J. Bouye
33%
K Josh Lambo
31%
T Maurice Williams
31%
WR Reggie Williams
31%
CB Rashean Mathis
29%
DT Grady Jackson
24%
TE Kyle Brady
24%
DE Malik Jackson
24%
DE Yannick Ngakoue
24%
WR Allen Hurns
22%
DE Tony Brackens
22%
C Brad Meester
20%
RB James Stewart
20%
DT Marcus Stroud
20%
WR Marqise Lee
20%
S Donovin Darius
18%
WR Keelan Cole
18%
LB Mike Peterson
18%
LB Paul Posluzny
18%
DT Kevin Hardy
16%
RB Montell Owens
16%
T Leon Searcy
14%
WR Dede Westbrook
12%
K Mike Hollis
12%
RB Natrone Means
12%
DB Tashaun Gipson
12%
RB T.J. Yeldon
12%
G Vince Manuwai
12%
CB Austin Seferian-Jenkins
10%
RB Corey Grant
10%
LB Danny Clark
10%
DB Deon Grant
10%
T Luke Joeckel
10%
DL Taven Bryan
10%
CB Aaron Beasley
8%
OL Andrew Norwell
8%
LB Cassius Marsh
8%
ST Cecil Shorts
8%
G Chris Naeole
8%
T Eugene Monroe
8%
DE Jeff Lageman
8%
DB Nick Marshall
8%
CB Reggie Nelson
8%
TE Zach Miller
8%
CB Carnell Lake
6%
DE Jason Babin
6%
DE Jeremy Mincey
6%
S Jonathan Cyprien
6%
G Uche Nwaneri
6%
WR Chris Conley
4%
WR Donte Moncrief
4%
TE James O'Shaughnessy
4%
LB Quentin Groves
4%
LB T.J. Slaughter
4%
FB Toby Gerhart
4%
DE Chris Clemons
2%
DB Dawan Landry
2%
DB Demetrius McCray
2%
CB Dwight Lowery
2%
LB Hardy Nickerson
2%
LB Jason Gildon
2%
LB Joe Schobert
2%
QB Joshua Dobbs
2%
RB Kenyan Drake
2%
DE Marcellus Wiley
2%
DE Marco Coleman
2%
DE Paul Spicer
2%
DT Rob Meier
2%
RB Ryquell Armstead
2%
DT Sen'Derrick Marks
2%
FB Stacey Mack
2%
DT Terrance Knighton
2%
WR Terry Godwin
2%
LB Tom McManus
2%
No matching quizzes found
Score Distribution
Percent of People with Each Score
Percentile by Number Answered
Your Score History
You have not taken this quiz